Encyclopedia of optical engineering Volume 3/ (Record no. 61304)
[ view plain ]
| 000 -LEADER | |
|---|---|
| fixed length control field | 01520cam a22003254a 4500 |
| 001 - CONTROL NUMBER | |
| control field | 13235703 |
| 003 - CONTROL NUMBER IDENTIFIER | |
| control field | NUST-PNEC |
| 005 - DATE AND TIME OF LATEST TRANSACTION | |
| control field | 20170116180719.0 |
| 008 - FIXED-LENGTH DATA ELEMENTS--GENERAL INFORMATION | |
| fixed length control field | 030612s2003 nyua be 001 0 eng |
| 010 ## - LIBRARY OF CONGRESS CONTROL NUMBER | |
| LC control number | 2003055291 |
| 020 ## - INTERNATIONAL STANDARD BOOK NUMBER | |
| International Standard Book Number | 0824742524 (v.3) |
| 040 ## - CATALOGING SOURCE | |
| Original cataloging agency | DLC |
| Transcribing agency | PNEC |
| Modifying agency | DLC |
| 042 ## - AUTHENTICATION CODE | |
| Authentication code | pcc |
| 050 00 - LIBRARY OF CONGRESS CALL NUMBER | |
| Classification number | TA1509 |
| Item number | .E55 2003 |
| 082 00 - DEWEY DECIMAL CLASSIFICATION NUMBER | |
| Classification number | 621.3603 DRI |
| Edition number | 21 |
| 100 ## - MAIN ENTRY--PERSONAL NAME | |
| 9 (RLIN) | 799 |
| Personal name | Driggers Ronald G. |
| 245 00 - TITLE STATEMENT | |
| Title | Encyclopedia of optical engineering Volume 3/ |
| Statement of responsibility, etc. | edited by Ronald G. Driggers. |
| 260 ## - PUBLICATION, DISTRIBUTION, ETC. | |
| Place of publication, distribution, etc. | New York : |
| Name of publisher, distributor, etc. | Marcel Dekker, |
| Date of publication, distribution, etc. | c2003. |
| 300 ## - PHYSICAL DESCRIPTION | |
| Extent | 3 v. (xvi, 3049, 55 p.) : |
| Other physical details | ill. ; |
| Dimensions | 29 cm. |
| 500 ## - GENERAL NOTE | |
| General note | http://www.amazon.com/Encyclopedia-Optical-Engineering-Print-Vol/dp/0824742524/ref=sr_1_1?s=books&ie=UTF8&qid=1414128414&sr=1-1&keywords=0824742524 https://www.worldcat.org/title/encyclopedia-of-optical-engineering-3-pho-z/oclc/314449543&referer=brief_results |
| 504 ## - BIBLIOGRAPHY, ETC. NOTE | |
| Bibliography, etc. note | Includes bibliographical references and index. |
| 505 0# - FORMATTED CONTENTS NOTE | |
| Formatted contents note | v. 1. Abe-Las, pages 1-1024 -- v. 2. Las-Pho, pages 1025-2048 -- v. 3. Pho-Z, pages 2049-3050. |
| 650 #0 - SUBJECT ADDED ENTRY--TOPICAL TERM | |
| Topical term or geographic name entry element | Optics |
| Form subdivision | Encyclopedias. |
| 650 #0 - SUBJECT ADDED ENTRY--TOPICAL TERM | |
| Topical term or geographic name entry element | Optoelectronics |
| Form subdivision | Encyclopedias. |
| 700 1# - ADDED ENTRY--PERSONAL NAME | |
| Personal name | Driggers, Ronald G. |
| 856 42 - ELECTRONIC LOCATION AND ACCESS | |
| Materials specified | Book review (E-STREAMS) |
| Uniform Resource Identifier | <a href="http://www.e-streams.com/es0704/es0704_3155.html">http://www.e-streams.com/es0704/es0704_3155.html</a> |
| 906 ## - LOCAL DATA ELEMENT F, LDF (RLIN) | |
| a | 7 |
| b | cbc |
| c | orignew |
| d | 1 |
| e | ocip |
| f | 20 |
| g | y-gencatlg |
| 942 ## - ADDED ENTRY ELEMENTS (KOHA) | |
| Source of classification or shelving scheme | |
| Koha item type | Book |
| Withdrawn status | Lost status | Source of classification or shelving scheme | Damaged status | Not for loan | Permanent Location | Current Location | Shelving location | Date acquired | Source of acquisition | Cost, normal purchase price | Total Checkouts | Full call number | Barcode | Date last seen | Cost, replacement price | Price effective from | Koha item type |
|---|---|---|---|---|---|---|---|---|---|---|---|---|---|---|---|---|---|
| Pakistan Navy Engineering College (PNEC) | Pakistan Navy Engineering College (PNEC) | Reference | 03/25/2005 | Royal Book Company | 3445.00 | 621.3603 DRI | PNECLIB-026987 | 10/24/2014 | 3445.00 | 03/25/2005 | Book |
